| 000 | 00976nam a22002297a 4500 | ||
|---|---|---|---|
| 003 | BPGM | ||
| 008 | 260617s mx |||||r|||| 001 ||SPA|| | ||
| 020 | _a968-6140-08-5 | ||
| 040 | _bspa | ||
| 041 |
_aSPA _hSPA |
||
| 082 | 0 | 4 |
_2PRIMERA EDICIÓN _aCQ / 230 / P47 _bP47 |
| 100 | _aPÉREZ ALCOCER, ANTONIO | ||
| 245 | _aLA ESTRCUTURA TOMISTA DEL CONCRETO Y SUS CONSECUENCIAS | ||
| 260 |
_aQUERÉTARO, MÉXICO _bAUTORES DE QUERÉTARO _c1987 |
||
| 300 |
_a79 PÁGINAS; _c21.3 CM X 13.7 CM |
||
| 336 |
_2rdacontent _atexto _btxt |
||
| 337 |
_2rdamedia _asin mediación _bn |
||
| 338 |
_2rdacarrier _avolumen _bnc |
||
| 505 | _aPARTIENDO DE LA CONCEPCIÓN METAFÍSICA DE LA NATURALEZA Y DEL UNIVERSO —DENTRO DE LOS PRINCIPIOS DEL PENSAMIENTO ARISTOTÉLICO-TOMISTA—, PÉREZ ALCOCER DESGLOSA Y ENUMERA LAS ACTITUDES BÁSICAS QUE EL HOMBRE TIENE PARA ENFRENTARSE AL MUNDO, A SU EXISTENCIA DESOLADA O COMUNITARIA. | ||
| 650 |
_aHUMANIDADES _v230 _x200 _y30 _z0 |
||
| 942 |
_2ddc _cCOLQ |
||
| 999 |
_c68617 _d68617 |
||